Top 10 des pays avec les décès de Covid-19 - 30 avril - Statistiques

Statistiques générales
  • Ce quiz a été pris 80 fois
  • Le résultat moyen est 9 sur 13
Statistiques - réponses
pays % Correct
Etats-Unis
97%
France
97%
Italie
88%
Espagne
85%
Allemagne
84%
Royaume-Uni
81%
Belgique
67%
Brésil
63%
Pays-Bas
51%
Suisse
49%
Suède
36%
Irlande
32%
Iran
30%
Aucun quiz correspondant
Distribution des résultats
% des personnes avec chaque résultat
Percentile par nombre de réponses
Votre historique - résultats
Vous n’avez pas pris ce quiz